Detalles MARC
| 000 -CABECERA |
| Longitud fija campo de control |
02132nam a2200325Ia 4500 |
| 005 - • FECHA Y HORA DE LA ÚLTIMA TRANSACCIÓN |
| Fecha y hora de la última transacción |
20220317000452.0 |
| 008 - • CÓDIGOS DE INFORMACIÓN DE LONGITUD FIJA |
| Códigos de información de longitud fija |
160315s2011 ck g 000 f spa |
| 020 ## - • NÚMERO INTERNACIONAL NORMALIZADO PARA LIBROS |
| Número Internacional Normalizado para Libros (ISBN) |
9789583002816 |
| 040 ## - FUENTE DE LA CATALOGACIÓN |
| Centro catalogador de origen |
CO-BoRNBP |
| Lengua de catalogación |
spa |
| Normas de descripción |
rda |
| Centro transcriptor |
CO-BoRNBP |
| 084 ## - • Clasificación Local Alfanúmerica PNLB |
| Número de clasificación |
N SOT2 |
| 100 1# - • PUNTO DE ACCESO PRINCIPAL-NOMBRE DE PERSONA |
| Nombre de persona |
Soto Aparicio, Fernando, |
| Fechas asociadas al nombre |
1933-2016 |
| 245 13 - • TITULO PROPIAMENTE DICHO |
| Título |
La rebelión de las ratas |
| Mención de responsabilidad, etc. |
Fernando Soto Aparicio ; ilustraciones Henry González Torres ; edición Juan Carlos González Espitia |
| 250 ## - • MENCIÓN DE EDICIÓN |
| Mención de edición |
1a. edición |
| Resto de la mención de edición |
11a. reimpresión |
| 264 ## - PRODUCCIÓN, PUBLICACIÓN , DISTRIBUCIÓN, FABRICACIÓN Y COPYRIGHT |
| Lugar de producción, publicación, distribución, fabricación |
Bogotá |
| Nombre del productor, editor, distribuidor, fabricante |
Panamericana |
| Fecha de de producción, publicación, distribución, fabricación o copyright |
2011 |
| 300 ## - • DESCRIPCIÓN FÍSICA |
| Extensión |
337 páginas |
| Otras características físicas |
ilustraciones en blanco y negro |
| Dimensiones |
21 cm |
| 336 ## - TIPO DE CONTENIDO |
| Término de tipo de contenido |
texto |
| Código de tipo de contenido |
txt |
| Fuente |
rdacontent |
| 337 ## - TIPO DE MEDIO |
| Nombre del tipo de medio |
sin mediación |
| Código del tipo de medio |
n |
| Fuente |
rdamedia |
| 338 ## - TIPO DE SOPORTE |
| Nombre del tipo de soporte |
volumen |
| Código del tipo de soporte |
nc |
| Fuente |
rdacarrier |
| 490 ## - • MENCIÓN DE SERIE |
| Mención de serie |
Letras latinoamericanas |
| Designación de volumen o secuencia |
12 |
| 500 ## - • NOTA GENERAL |
| Nota general |
Incluye datos biográficos del autor |
| 520 ## - • NOTA DE RESUMEN |
| Resumen, etc, |
Rudecindo Cristancho y su familia (todos ellos analfabetas) huyen de su tierra natal en medio de las montañas para asentarse en Timbalí. Al divisar el pueblo, distinguen una calle que separa la zona rica, habitada principalmente por extranjeros alemanes, franceses e ingleses, de la zona de los pobres, habitada por mineros colombianos. Después de no encontrar posada, se ven obligados a vivir en una casucha en sobre un basurero en el extremo del pueblo, fabricada en su mayor parte con restos de brea. Rudecindo, después de varios intentos, es contratado para trabajar como minero en el socavón de La Pintada, el más pequeño de la región. Al igual que a sus compañeros, el salario de Rudecindo ni alcanza para sobrevivir, además, les son negados todos los intentos de crear un sindicato, motivo por el cual el deseo de rebelión va aumentando entre todos los mineros. |
| 650 14 - • PUNTO DE ACCESO ADICIONAL DE MATERIA - TÉRMINO DE MATERIA |
| Fuente del encabezamiento o término |
LEMB |
| Término de materia o nombre geográfico como elemento inicial |
Novela colombiana |
| Subdivisión cronológica |
Siglo XX |
| 650 14 - • PUNTO DE ACCESO ADICIONAL DE MATERIA - TÉRMINO DE MATERIA |
| Fuente del encabezamiento o término |
LEMB |
| Término de materia o nombre geográfico como elemento inicial |
Literatura colombiana |
| Subdivisión cronológica |
Siglo XX |
| 650 14 - • PUNTO DE ACCESO ADICIONAL DE MATERIA - TÉRMINO DE MATERIA |
| Fuente del encabezamiento o término |
LEMB |
| Término de materia o nombre geográfico como elemento inicial |
Problemas sociales en la literatura |
| 650 14 - • PUNTO DE ACCESO ADICIONAL DE MATERIA - TÉRMINO DE MATERIA |
| Fuente del encabezamiento o término |
LEMB |
| Término de materia o nombre geográfico como elemento inicial |
Minas de carbón en la literatura |
| 650 14 - • PUNTO DE ACCESO ADICIONAL DE MATERIA - TÉRMINO DE MATERIA |
| Fuente del encabezamiento o término |
LEMB |
| Término de materia o nombre geográfico como elemento inicial |
Pobreza en la literatura |
| 700 1# - • PUNTO DE ACCESO ADICIONAL - NOMBRE DE PERSONA |
| Nombre de persona |
González Torres, Henry Javier |
| Término indicativo de función |
ilustrador |
| 700 1# - • PUNTO DE ACCESO ADICIONAL - NOMBRE DE PERSONA |
| Nombre de persona |
González Espitia, Juan Carlos |
| Término indicativo de función |
editor |
| 942 ## - ENTRADA DE ELEMENTOS AGREGADOS (KOHA) |
| Fuente de clasificaión o esquema |
|
| Koha [por defecto] tipo de item |
Libro Literatura |